000 00778nam a22002057a 4500
999 _c11869
_d11869
008 190111b ||||| |||| 00| 0 eng d
020 _a978-1-305-96054-1
082 _22018
_aDC 372.89
_bB792
100 _aBrophy, Jere
_933761
245 _aPowerful social studies:
_bfor elementary students/
_cJere Brophy, Jannet Alleman & Anne-Lisse Halvorsen
250 _aFourth Edition
260 _aBoston, MA:
_bCengage Learning,
_c©2018
300 _axxiii, 394 pages:
_bcolor illustrations;
_c27 cm.
500 _aIncludes bibliographical references and index.
650 _aSocial sciences
_xstudy and teaching (Elementary)
_933762
700 _aAlleman, Janet
_c[author]
_933763
700 _aHalvorsen, Anne-Lise
_c[author]
_933764
365 _b10,730.00
_cPhp
942 _2ddc
_cDC